Statistiques concernant Pays frontaliers avec les capitales les plus éloignées

Cliquez ici pour prendre le quiz!

Statistiques générales

  • Ce quiz a été pris 150 fois
  • Le résultat moyen est 21 sur 27

Statistiques - réponses

De campagne% Correct
France
96%
Chine
95%
Russie
95%
Brésil
92%
Inde
91%
Etats-Unis
89%
Mongolie
86%
Kazakhstan
85%
Mexique
85%
Colombie
83%
Corée du Nord
83%
Pérou
82%
Suriname
82%
Tadjikistan
81%
Népal
79%
Kirghizistan
78%
Pakistan
78%
Guyana
77%
Afghanistan
75%
Bhoutan
73%
Birmanie
73%
Laos
73%
Algérie
66%
Mali
64%
Indonésie
59%
Mauritanie
58%
Papouasie-Nouvelle-Guinée
53%

Distribution des résultats

Percentile par nombre de réponses

% des personnes avec chaque résultat

Votre développement - résultats

Vous n’avez pas pris ce quiz